Movie Role by Actor - Statistics

General Stats
  • This quiz has been taken 37 times
  • The average score is 9 of 15
Answer Stats
Hint Answer % Correct
Adam West, Val Kilmer, Robert Pattinson Batman
97%
Sean Connery, Pierce Brosnan, Daniel Craig James Bond
88%
Christopher Reeve, Dean Cain, Henry Cavill Superman
82%
William Shatner, Chris Pine, Paul Wesley James T. Kirk
76%
Lynda Carter, Cobie Smulders, Gal Gadot Wonder Woman
76%
Lou Ferrigno, Eric Bana, Edward Norton The Incredible Hulk
74%
Christopher Lee, Gary Oldman, Nicholas Cage Dracula
65%
Basil Rathbone, Robert Downey Jr, Henry Cavill Sherlock Holmes
65%
Errol Flynn, Kevin Costner, Cary Elwes Robin Hood
62%
Charlton Heston, Morgan Freeman, Steve Buscemi God
59%
Sissy Spacek, Angela Bettis, Chloë Grace Moretz Carrie
44%
Gabriel Byrne, Elizabeth Hurley, Peter Fonda The Devil
44%
Richard Harris, Michael Gambon, Jude Law Dumbledore
41%
Harrison Ford, Chris Pine, John Krasinski Jack Ryan
35%
Christopher Lambert, Tony Goldwyn, Alexander Skarsgard Tarzan
24%
No matching quizzes found
Score Distribution
Percent of People with Each Score
Percentile by Number Answered
Your Score History
You have not taken this quiz